Sorteo de la Copa Davis
Publicado:
San Jorge, núm. 67 - 68 (2n semestre 1967), pàg 131 :
MARC
| LEADER | 00000nam a2200000Ia 4500 | ||
|---|---|---|---|
| 001 | |||
| 008 | 160829s9999 xx 000 0 cat d | ||
| 245 | |a Sorteo de la Copa Davis | ||
| 260 | |a San Jorge, núm. 67 - 68 (2n semestre 1967), pàg 131 | ||
| 600 | 0 | |a Muller i d'Abadal, Josep M., |d 1919-1981 |9 28922 | |
| 610 | 2 | 0 | |a Davis Cup |9 55115 |
| 650 | |a Discursos |9 33698 | ||
| 901 | |a Arxiu | ||
| 942 | |n 1 | ||
| 952 | |0 0 |1 0 |4 0 |7 1 |9 49726 |a Arxiu |b Arxiu |d 2016-12-01 |l 0 |r 2016-12-01 00:00:00 |w 2016-12-01 |y ARXIU | ||
| 999 | |c 53568 |d 53568 | ||